000 00484nam a2200181Ia 4500
003 GCL
008 140319s9999 xx 000 0 eng d
040 _aGCL /
_cGCL
082 0 4 _a945.05
_bB R
100 1 _aBURKE, PETER
245 1 0 _aLA RENAISSANCE EN ITALIE:ART,CULTURE,SOCIETE /
_cBURKE, PETER
260 _a[S.N] :
_bH2A HAZAN ،
_c1991
300 _a347
650 0 4 _aART, RENAISSANCE
650 0 4 _aITALY - RENAISSANCE
650 0 4 _aRENAISSANCE - HISTORY
942 _2ddc
_cBK
999 _c11850
_d11850